Score 0/30 Timer 04:00
0 Plays Today
Song Title Missing Word % Correct
Wait and _____Bleed
99.6%
People = _____****
99%
All _____ Is GoneHope
96.3%
Before I _____Forget
95.7%
Pulse of the _____Maggots
92.7%
_____ It OutSpit
92%
_____ BehindLeft
91.3%
_____ InsideMe
89.7%
The _____ Exists Blister
89.1%
The _____ Anthem Heretic
88.4%
Dead _____Memories
87.8%
Opium of the _____People
78.8%
_____ and TornTattered
76.4%
Everything _____Ends
76.3%
Three _____ Nil
75.9%
Song Title Missing Word % Correct
Butcher's _____Hook
74.3%
_____ AbortionNew
74.2%
Danger Keep _____Away
73.9%
Skin _____Ticket
72.2%
_____ (The Killing Name)Gematria
67.9%
Only _____One
67.5%
No _____Life
67.4%
I Am _____Hated
67.3%
Wherein _____ ContinueLies
66.7%
_____ 3.0Prelude
62.6%
This Cold _____Black
61.2%
Child of _____ TimeBurning
55.7%
_____ ThisGet
55.7%
The _____ of LifeVirus
55.2%
Frail Limb _____Nursery
43.2%
Remove Ads.
Support Sporcle.
Get the best of Sporcle when you Go Orange. This ad-free experience offers more features, more stats, and more fun while also helping to support Sporcle. Thank you for becoming a member.

You're not logged in!

Compare scores with friends on all Sporcle quizzes.
OR
Log In

Show Comments

Extras

Created Oct 10, 2013ReportNominate
Tags:Album Quiz, Song Quiz, slipknot

Top Quizzes Today


Score Distribution

Your Account Isn't Verified!

In order to create a playlist on Sporcle, you need to verify the email address you used during registration. Go to your Sporcle Settings to finish the process.

Report this User

Report this user for behavior that violates our Community Guidelines.

Details: